00896ngm a2200229 a 450000500170000000800410001708200200005824500940007825000190017230000620019149000430025350000900029665000520038670000280043894200200046626400420048633600270052833700330055533800280058804000350061699900150065120220317001304.0160825s1998 ck g 000 0 spa 04a791.4361bM14tm10aTotó la Momposina, una voz para Colombiacdirección Catalina Villarhvideograbación a1a. edición  a1 videocasete en VHS (52 minutos)bsonido, color c20 cm  aLa maletapdocumentales Colombianos, 1 aLa película pertenece a la colección La Maleta. Dirigida para un público adulto142LEMBaCine documental colombianovVideocasetes 1 aVillar, Catalina968786 2ddccVIDEOCASET aBogotábMinisterio de Culturac1998 atextobtxt2rdacontent asin mediaciónbn2rdamedia avolumenbnc2rdacarrier aCO-BoRNBPbspaerdacCO-BoRNBP c6505d6505